Comparative grammar of the Dravidian or south Indian family of language / (Record no. 52793)

MARC details
000 -LEADER
fixed length control field 00585nam a2200205Ia 4500
005 - DATE AND TIME OF LATEST TRANSACTION
control field 20260429112203.0
008 - FIXED-LENGTH DATA ELEMENTS--GENERAL INFORMATION
fixed length control field 260429s9999||||xx |||||||||||||| ||und||
020 ## - INTERNATIONAL STANDARD BOOK NUMBER
International Standard Book Number 9788180943751
041 ## - LANGUAGE CODE
Language English
082 ## - DEWEY DECIMAL CLASSIFICATION NUMBER
Classification number 491.8
Item number CAL
100 ## - MAIN ENTRY--PERSONAL NAME
Personal name Caldwell, Robert
245 #0 - TITLE STATEMENT
Title Comparative grammar of the Dravidian or south Indian family of language /
Statement of responsibility, etc Robert Caldwell
250 ## - EDITION STATEMENT
Edition statement 1st ed.
260 ## - PUBLICATION, DISTRIBUTION, ETC. (IMPRINT)
Place of publication, distribution, etc Chennai :
Name of publisher, distributor, etc Maven Books,
Date of publication, distribution, etc 2025.
300 ## - PHYSICAL DESCRIPTION
Extent xlii, 608 p.; hb
650 ## - SUBJECT ADDED ENTRY--TOPICAL TERM
Topical term or geographic name as entry element Comparative grammar
650 ## - SUBJECT ADDED ENTRY--TOPICAL TERM
Topical term or geographic name as entry element Linguistics
650 ## - SUBJECT ADDED ENTRY--TOPICAL TERM
Topical term or geographic name as entry element Dravidian languages
942 ## - ADDED ENTRY ELEMENTS (KOHA)
Koha item type Text Books
Holdings
Withdrawn status Lost status Damaged status Not for loan Collection code Home library Location Shelving location Date of Cataloging Source of acquisition Total Checkouts Full call number Barcode Date last seen Price effective from Koha item type
        Non-fiction CUTN Central Library CUTN Central Library Languages 29/04/2026 Tamilnadu Book House, Chennai - Invoice No. IN/73 on 17-02-2026   491.8 CAL 57912 29/04/2026 29/04/2026 Text Books